Reseña histórica y guía descriptiva de la universidad
Descripción Física:
51 p. : il. ; 25'5 cm
Materias:
Universitat de Barcelona -- Història
MARC
| LEADER | 00000nam a2200000Ia 4500 | ||
|---|---|---|---|
| 001 | 8213 | ||
| 008 | 160829s1929 xx 000 0 cat d | ||
| 080 | |a E-1-163 | ||
| 110 | 2 | |a Universitat de Barcelona |9 51297 | |
| 245 | |a Reseña histórica y guía descriptiva de la universidad | ||
| 260 | |a Barcelona : |b (J. Horta, imp.), |c 1929 | ||
| 300 | |a 51 p. : |b il. ; |c 25'5 cm | ||
| 650 | |a Universitat de Barcelona |x Història |9 25172 | ||
| 901 | |a Arxiu | ||
| 942 | |n 1 | ||
| 952 | |0 0 |1 0 |4 0 |6 E1163 |7 1 |9 43668 |a Arxiu |b Arxiu |d 2016-12-01 |l 0 |o E-1-163 |p 8213 |r 2016-12-01 00:00:00 |w 2016-12-01 |y ARXIU | ||
| 999 | |c 46216 |d 46216 | ||